Countries whose Population is Smaller than JetPunk - Statistics

General Stats
  • This quiz has been taken 42 times
  • The average score is 38 of 53
Answer Stats
Population Country % Correct
1,000 Vatican City
100%
40,000 Liechtenstein
97%
682,890 Luxembourg
94%
34,000 San Marino
94%
38,000 Monaco
92%
83,000 Andorra
86%
180,000 Saint Lucia
86%
547,167 Malta
83%
12,000 Nauru
83%
337,890 Vanuatu
83%
94,000 Antigua and Barbuda
81%
528,445 Cape Verde
81%
66,000 Dominica
81%
1,424,779 East Timor
78%
934,445 Fiji
78%
2,372,391 Lesotho
78%
47,000 Saint Kitts and Nevis
78%
133,722 Seychelles
78%
9,000 Tuvalu
78%
283,000 Barbados
75%
399,445 Iceland
75%
136,722 Kiribati
75%
530,722 Maldives
75%
100,000 Saint Vincent and the Grenadines
75%
104,000 Tonga
75%
114,000 FS Micronesia
72%
117,000 Grenada
72%
36,000 Marshall Islands
72%
403,722 Bahamas
69%
1,655,281 Bahrain
69%
1,261,057 Eswatini
69%
18,000 Palau
69%
845,502 Solomon Islands
69%
1,512,445 Trinidad and Tobago
69%
425,167 Belize
67%
888,779 Comoros
67%
1,337,498 Estonia
67%
1,671,110 Kosovo
67%
1,267,278 Mauritius
67%
1,189,779 Djibouti
64%
629,388 Montenegro
64%
219,722 Samoa
64%
242,167 São Tomé and Príncipe
64%
798,445 Bhutan
61%
1,375,334 Cyprus
61%
1,846,054 Latvia
61%
467,445 Brunei
58%
1,810,388 North Macedonia
58%
837,445 Guyana
56%
642,167 Suriname
56%
2,116,278 Slovenia
53%
1,954,615 Equatorial Guinea
44%
2,267,338 Guinea-Bissau
44%
No matching quizzes found
Score Distribution
Percent of People with Each Score
Percentile by Number Answered
Your Score History
You have not taken this quiz